Score 0/26 Timer 03:00
3 Plays Today
Hint 4-Letter Word % Correct
'No pain, no ___.'◯ GAIN ◯
92.9%
HairlessBALD
92.2%
A heavy, dark typeface◯ BOLD ◯
89.5%
Tooth of a boar, walrus, or elephantTUSK
89.3%
Retail complexMALL
89.3%
Central streetMAIN
88.5%
Starbucks sizeTALL
88.2%
Posted itemsMAIL
87.7%
Spilled the beansTOLD
87.1%
Certain, reliableSURE
86.1%
Type of bridgeTOLL
85.5%
To fatherSIRE
83.6%
A Seljuk or OttomanTURK
82.8%
Hint 4-Letter Word % Correct
In a nursery rhyme, it ran away with the spoonDISH
81%
Warm oneself in the sunBASK
80.9%
Lively partyBASH
80.8%
Usain Bolt's specialty◯ DASH ◯
80.8%
The seafood in a beef-and-seafood combo◯ SURF ◯
80.6%
The beef in a beef-and-seafood comboTURF
80.2%
Refuse to go aheadBALK
80.1%
Uncertainty, gambleRISK
78.8%
Twice-baked bread, such as zwiebackRUSK
75%
'Time and ___ wait for no man'◯ TIDE ◯
74.7%
Edge, flank, boundarySIDE
73.3%
One of Aladdin's trioWISH
60.9%
It beats ring-around-the-collar◯ WISK ◯
60.7%

Today's Daily Dose

Remove Ads.
Support Sporcle.
Get the best of Sporcle when you Go Orange. This ad-free experience offers more features, more stats, and more fun while also helping to support Sporcle. Thank you for becoming a member.

You're not logged in!

Compare scores with friends on all Sporcle quizzes.
OR
Log In

Show Comments

Extras

Top Quizzes Today


Score Distribution

Your Account Isn't Verified!

In order to create a playlist on Sporcle, you need to verify the email address you used during registration. Go to your Sporcle Settings to finish the process.

Report this User

Report this user for behavior that violates our Community Guidelines.

Details: